| 000 | 01955nam0a2200361 4500 | ||
|---|---|---|---|
| 001 | RU\NLR\BIBL_A\011891707 | ||
| 005 | 20190207121855.0 | ||
| 010 |
_a978-5-7271-1477-3 _9500 |
||
| 021 |
_aRU _bКН-П-18-088467 _9КН-П-18-6422 |
||
| 035 | _a(NLR Aleph) 011891707 | ||
| 035 | _a(RuMoRGB)009813719 | ||
| 090 |
_a10834050 _c10834050 |
||
| 100 | _a20181214d2018 k y0rusy50 ca | ||
| 101 | 0 | _arus | |
| 102 | _aRU | ||
| 105 | _a c||z|||000zy | ||
| 200 | 1 |
_aИзбранные научные труды. Математика _fА.М. Ильин _g[сост.: А.Р. Данилин и др.] _gМинистерство образования и науки Российской Федерации, Федеральное государственное бюджетное образовательное учреждение высшего образования "Челябинский государственный университет" |
|
| 210 |
_aЧелябинск _cИзд-во Челябинского государственного университета _d2018 |
||
| 215 |
_a583 с. _cил., портр. _d30 |
||
| 300 | _aНа обороте тит. л. авт.: А.М. Ильин, математик, акад. РАН | ||
| 320 | _aСписок науч. публ. авт.: с. 576-583 | ||
| 517 | 1 | _aМатематика | |
| 600 | 1 |
_aИльин _bА.М. _gАрлен Михайлович _f1932 - 2013 _2nlr_sh2 _3RU\NLR\AUTH\6601556430 |
|
| 606 | 1 |
_aМатематика _2nlr_sh1 _2nlr_sh2 _3RU\NLR\AUTH\6619329 |
|
| 686 | 1 | _aВ1д(2)Ильин | |
| 686 | 1 | _aВ1я44 | |
| 700 | 1 |
_aИльин _bА. М. _cд-р физ.-мат. наук _f1932-2013 _gАрлен Михайлович _3RU\NLR\AUTH\7754452 |
|
| 702 | 1 |
_aДанилин _bА. Р. _gАлексей Руфимович _4220 |
|
| 942 | _cBOOK | ||
| 980 | _aNBR | ||
| 980 | _aNB | ||